000 00304nam a22001337a 4500
008 170206b xxu||||| |||| 00| 0 eng d
020 _a331311053621t
041 _aeng
080 _25ED
_a61
100 _a3
101 _aSHM
245 _aCENTRAL SERVICES TECHNICAL
_cJACK.D. NINEMEIER
942 _2udc
_cBK
999 _c4708
_d4708